000 00410nam a22001577a 4500
020 _a81-8482-119-0
082 _a823
_bPAI/J
100 _aPAI, ANANT
245 _aAMAR CHITHRA KATHA
_bSTORY WITH PICTURE
246 _aJAWAHARLAL NEHRU
_bSTORY WITH PICTURE
260 _aMUMBAI
_bAMARCHITHRA KATHA PVT. LTD
_c2017
300 _a32
520 _aAMAR CHITHRA KATHA
650 _aAMAR CHITHRA KATHA
942 _cBK
999 _c2366
_d2366